Online katalóg knižníc regiónu Turca

Old Surehand / (Record no. 22592)

MARC details
000 -LEADER
fixed length control field 01034nam a22003371aa4500
001 - CONTROL NUMBER
control field 22592
003 - CONTROL NUMBER IDENTIFIER
control field CZ PrNK
005 - DATE AND TIME OF LATEST TRANSACTION
control field 20260401143719.0
007 - PHYSICAL DESCRIPTION FIXED FIELD--GENERAL INFORMATION
fixed length control field tu
008 - FIXED-LENGTH DATA ELEMENTS--GENERAL INFORMATION
fixed length control field 030717m19671968xo a c 000 1 slo
020 ## - INTERNATIONAL STANDARD BOOK NUMBER
Qualifying information (Váz.)
040 ## - CATALOGING SOURCE
Original cataloging agency ABA001
Language of cataloging cze
Modifying agency ABA001
041 1# - LANGUAGE CODE
Language code of text/sound track or separate title slo
Language code of original ger
072 #7 - SUBJECT CATEGORY CODE
Subject category code 821.112.2-3
Subject category code subdivision Německá próza, německy psaná
Source Konspekt
080 ## - UNIVERSAL DECIMAL CLASSIFICATION NUMBER
Universal Decimal Classification number 821.112.2-31
Edition identifier MRF
080 ## - UNIVERSAL DECIMAL CLASSIFICATION NUMBER
Universal Decimal Classification number (0:82-311.3)
Edition identifier MRF
100 1# - MAIN ENTRY--PERSONAL NAME
Personal name May, Karl,
Dates associated with a name 1842-1912
Relationship aut
245 10 - TITLE STATEMENT
Title Old Surehand /
Statement of responsibility, etc. Karl May
250 ## - EDITION STATEMENT
Edition statement 1. vyd.
260 ## - PUBLICATION, DISTRIBUTION, ETC.
Place of publication, distribution, etc. Bratislava :
Name of publisher, distributor, etc. Mladé letá,
Date of publication, distribution, etc. 1967-1968
300 ## - PHYSICAL DESCRIPTION
Extent 2 sv. (331, 378 s.) :
Other physical details il. ;
Dimensions 21 cm
490 1# - SERIES STATEMENT
Series statement Stopy
500 ## - GENERAL NOTE
General note "Z nemeckého orig. prel., uprav. a vysvetlivkami dopl. Teofil Ušák ; ilustroval František Šesták"--Tiráž
655 #7 - INDEX TERM--GENRE/FORM
Genre/form data or focus term dobrodružné romány
Source of term czenas
655 #7 - INDEX TERM--GENRE/FORM
Genre/form data or focus term německé romány
Source of term czenas
700 1# - ADDED ENTRY--PERSONAL NAME
Personal name Šesták, František
Relationship ill
700 1# - ADDED ENTRY--PERSONAL NAME
Personal name Ušák, Teofil,
Dates associated with a name 1922-1999
Relationship trl
830 #0 - SERIES ADDED ENTRY--UNIFORM TITLE
Uniform title Stopy
910 ## - USER-OPTION DATA (OCLC)
User-option data ABA001
942 ## - ADDED ENTRY ELEMENTS (KOHA)
Source of classification or shelving scheme Dewey Decimal Classification
Koha item type Krásna literatúra pre dospelých
Suppress in OPAC No

No items available.

Projekt je podporený Slovenskou asociáciou knižníc
Prevádzkuje Turčianska knižnica Martin 2026